| 000 | 00758nam a22001697a 4500 | ||
|---|---|---|---|
| 003 | SGT | ||
| 020 | _a9781439860977 | ||
| 082 | _a547,LEO | ||
| 100 | _aLEONARD,JOHN | ||
| 245 | _aADVANCE PRACTICAL ORGANIC CHEMISTRY | ||
| 250 | _a3RD | ||
| 260 |
_aNEW DELHI _bCRC PRESS _c2013 |
||
| 300 | _a330 | ||
| 650 | _aPHYSICS | ||
| 653 | _aSAFETY KEEPING RECORDS OF LABORATORY WORK EQUIPPING THE LABORATORY AND THE BENCH PURIFICATION AND DRYING OF SOLVENTS REAGENTS: PREPARATION, PURIFICATION, AND HANDLING GASES VACUUM PUMPS CARRYING OUT THE REACTION WORKING UP THE REACTION PURIFICATION SMALL-SCALE REACTIONS LARGE-SCALE REACTIONS SPECIAL PROCEDURES CHARACTERIZATION TROUBLESHOOTING: WHAT TO DO WHEN THINGS DON’T WORK THE CHEMICAL LITERATURE | ||
| 942 |
_2ddc _cFPS |
||
| 999 |
_c9838 _d9838 |
||